| 000 | 00488nam a22001697a 4500 | ||
|---|---|---|---|
| 999 |
_c10118 _d10118 |
||
| 003 | AR-CdUCM | ||
| 008 | 190329b ||||| |||| 00| 0 spa d | ||
| 040 |
_aMUNICIPALIDAD PROVINCIAL DEL CUSCO _cBIBLIOTECA MUNICIPAL DEL CUSCO |
||
| 082 |
_aEP / 808.8 / _bA39 |
||
| 100 |
_aAlighieri, Dante _95764 |
||
| 245 | _aLa divina comedia / | ||
| 260 |
_aLima : _bMercurio, _c1988. |
||
| 300 |
_a281 páginas ; _c17 cm. |
||
| 650 |
_aObras literarias. _9403 |
||
| 942 |
_2ddc _cLIBROS |
||
| 945 | _awfj | ||